[Event "83rd ESP-ch Women-ch 2018"]
[Site "Linares"]
[Date "2018.08.24"]
[Round "5"]
[White "Ladron de Guevara Pinto, Paolo"]
[Black "Del Rio de Angelis, Salvador Gabriel"]
[Result "0-1"]
[WhiteElo "2424"]
[BlackElo "2525"]
[Annotator "TA"]
[PlyCount "78"]
[EventDate "2018.08.09"]
[EventType "tourn"]
[EventCountry "ESP"]
[SourceTitle "playchess.com"]
[Source "ChessBase"]
[SourceQuality "1"]

{[%evp 31,78,19,34,21,32,45,37,-489,-484,-479,-471,-459,-412,-429,-422,-544,-545,-543,-543,-543,-543,-543,-543,-543,-543,-529,-494,-500,-471,-582,-531,-586,-563,-688,-687,-679,-675,-654,-636,-801,-818,-800,-758,-704,-622,-702,-697,-847,-845]} 1. e4 Nf6 2. e5 Nd5 3. c4 Nb6 4. d4 d6 5. f4 Bf5 6. Nc3 e6 7. Be3 Be7 8. Nf3 O-O 9. Be2 dxe5 10. fxe5 Nc6 11. O-O f6 12. exf6 Bxf6 13. Qd2 Qe7 14. Rad1 Rad8 15. Qc1 e5 {B03: Alekhine's Defence: Four Pawns Attack} (15... Kh8 16. h3 Bg6 17. b3 Rd7 18. d5 exd5 19. Nxd5 Nxd5 20. cxd5 Nb4 21. Bc5 Qxe2 22. Bxf8 Nd3 23. Qc4 Qe3+ {1-0 (34) Dzhumaev,M (2457)-David,A (2569) New Delhi 2017}) 16. d5 Nd4 $1 {LiveBook: 3 Games} 17. Bxd4 exd4 {The position is equal.} 18. Nxd4 Bg5 19. Nxf5 $146 {[%mdl 8192] [#]} (19. Qa1 $1 $14 {stays ahead.} Be3+ 20. Kh1) ({Predecessor:} 19. Qa1 Bd7 20. Kh1 Bf4 21. g3 Be5 22. Qb1 c5 23. Ne6 Bxe6 24. dxe6 Bxc3 25. Rxf8+ Rxf8 26. bxc3 Qxe6 {½-½ (33) Conil,P-Cattoni,M France 1988}) 19... Qc5+ $19 20. Kh1 Bxc1 21. Rxc1 Rde8 22. b3 Nc8 {Black is clearly winning.} 23. h3 g6 24. Ng3 Rxf1+ 25. Rxf1 Qe3 26. Rf3 Qc1+ 27. Kh2 Re3 28. Nce4 Rxf3 29. Bxf3 b6 30. h4 Qf4 31. Kh3 Nd6 32. c5 bxc5 33. Nxc5 Nf5 34. Nxf5 Qxf5+ 35. Bg4 Qc2 36. Ne6 a5 37. Bf3 Qf5+ 38. Kh2 {[#]} c6 $1 39. Nd8 (39. dxc6 Qxe6) 39... Qe5+ {Precision: White = 34%, Black = 91%.} 0-1

[Event "83rd ESP-ch Women-ch 2018"]
[Site "Linares"]
[Date "2018.08.24"]
[Round "5"]
[White "Matnadze, Ana"]
[Black "Garcia Garcia, Adrian Antonio"]
[Result "1/2-1/2"]
[WhiteElo "2378"]
[BlackElo "2179"]
[Annotator "NA"]
[PlyCount "75"]
[EventDate "2018.08.09"]
[EventType "tourn"]
[EventCountry "ESP"]
[SourceTitle "playchess.com"]
[Source "ChessBase"]
[SourceQuality "1"]
[TimeControl "40/5400+30:1800+30"]

1. Nf3 {[%emt 0:00:00]} f5 {[%emt 0:00:00]} 2. g3 {[%emt 0:00:03]} Nf6 {[%emt 0:00:00]} 3. d4 {[%emt 0:00:04]} g6 {[%emt 0:00:00]} 4. Bg2 {[%emt 0:00:04]} Bg7 {[%emt 0:00:00]} 5. O-O {[%emt 0:00:08] A81: Holländische Verteidigung (Leningrader Variante)} d5 {[%emt 0:00:00]} (5... O-O 6. c4 d6 7. Nc3 c6 8. Qb3 Na6 9. Rd1 Kh8 10. Bf4 Nc7 11. d5 c5 12. Qc2 Qe8 13. Rab1 h6 14. a3 g5 15. Bc1 Bd7 16. b4 b6 17. bxc5 bxc5 {1-0 (41) Kuzubov,Y (2660)-Cheparinov,I (2712) Ankara 2018}) 6. c4 {[%emt 0:00:36]} e6 {[%emt 0:00:01]} 7. b3 {[%emt 0:01:18]} O-O {[%emt 0:00:07]} 8. Bb2 {[%emt 0:00:03]} Ne4 {[%emt 0:01:06]} 9. Ne1 {[%emt 0:02:44]} c6 {[%emt 0:07:35]} 10. e3 {[%emt 0:02:20]} Nd7 {[%emt 0:00:50]} 11. Nd3 {[%emt 0:01:07]} b6 $146 {[%emt 0:01:35]} ({Vorgänger:} 11... Ndf6 12. f3 Nd6 13. Nd2 Nf7 14. Qe2 Bd7 15. e4 dxe4 16. fxe4 Qc7 {1-0 (30) Zessinger,R-Schulz,J Coburg 1975}) 12. Qc2 {[%emt 0:01:56]} Bb7 {[%emt 0:00:36]} 13. a4 {[%emt 0:00:38]} g5 {[%emt 0:00:22]} 14. a5 {[%emt 0:01:45]} bxa5 {[%emt 0:05:30]} 15. f3 {[%emt 0:01:51]} Nef6 {[%emt 0:02:44]} 16. Nc3 {[%emt 0:01:21]} Qc7 {[%emt 0:04:22]} 17. Rfc1 {[%emt 0:05:05]} Rac8 {[%emt 0:03:51]} 18. Na4 {[%emt 0:01:15]} Ba8 {[%emt 0:08:01]} 19. f4 {[%emt 0:02:40]} Ne4 {[%emt 0:01:41]} 20. Bxe4 {[%emt 0:10:11]} dxe4 {[%emt 0:02:36]} 21. Ndc5 {[%emt 0:00:07]} Rce8 {[%emt 0:02:59]} 22. fxg5 {[%emt 0:04:29]} Nxc5 {[%emt 0:02:08]} 23. Nxc5 {[%emt 0:00:08]} e5 {[%emt 0:00:20]} 24. dxe5 {[%emt 0:03:30]} Bxe5 {[%emt 0:00:07]} 25. Rd1 {[%emt 0:03:49]} Rf7 {[%emt 0:01:57]} 26. Bc3 {[%emt 0:06:00]} Bxg3 $2 {[%emt 0:09:02]} (26... Bxc3 27. Qxc3 Bb7 28. Qxa5 Qe7 29. Qxa7 Qxg5) 27. Na6 $18 {[%emt 0:00:24]} Qb6 {[%emt 0:02:03]} 28. c5 {[%emt 0:02:31]} Qxa6 {[%emt 0:05:15]} 29. hxg3 {[%emt 0:00:09]} Qb7 {[%emt 0:00:57]} 30. Qd2 {[%emt 0:02:28]} Qc7 {[%emt 0:03:32]} 31. Kg2 {[%emt 0:00:15]} Rb8 {[%emt 0:05:08]} 32. Qd4 {[%emt 0:02:41]} Kf8 {[%emt 0:00:02]} 33. Rxa5 {[%emt 0:01:12]} f4 {[%emt 0:01:57]} 34. gxf4 {[%emt 0:02:00]} Rxb3 {[%emt 0:01:08]} 35. Qh8+ {[%emt 0:03:12]} Ke7 {[%emt 0:00:34]} 36. Rd6 {[%emt 0:00:31]} Rxc3 {[%emt 0:03:52]} 37. Qxc3 {[%emt 0:00:44]} Kf8 {[%emt 0:00:38]} 38. Qh8+ {[%emt 0:00:07]} 1/2-1/2

[Event "83rd ESP-ch Women-ch 2018"]
[Site "Linares"]
[Date "2018.08.24"]
[Round "5"]
[White "Bernabeu Lopez, Carlos Javier"]
[Black "Asis Gargatagli, Hipolito"]
[Result "0-1"]
[WhiteElo "2360"]
[BlackElo "2515"]
[Annotator "TA"]
[PlyCount "40"]
[EventDate "2018.08.09"]
[EventType "tourn"]
[EventCountry "ESP"]
[SourceTitle "playchess.com"]
[Source "ChessBase"]
[SourceQuality "1"]

{[%evp 21,40,0,0,-25,-27,-35,-36,-56,-36,-24,-8,-74,-45,-51,-57,-179,-177,-434,-417,-469,-457]} 1. e4 c5 2. Nf3 d6 3. d4 cxd4 4. Nxd4 Nf6 5. f3 Nc6 6. c4 Qb6 7. Nc2 e6 8. Nc3 Be7 {B55: Sizilianisch (Rauser Anti-Drachen-Variante)} 9. Rb1 O-O 10. Be3 Qc7 11. Be2 (11. Qd2 Rd8 12. Rd1 d5 13. cxd5 exd5 14. exd5 Nb4 15. Nxb4 Bxb4 16. Kf2 Be6 17. Qc1 Bf5 18. Bd3 Bxd3 19. Rxd3 Rac8 20. g3 Qa5 {½-½ (20) Triapishko,O (2530)-Sarana,A (2577) Moscow 2018}) 11... Rd8 {LiveBook: 10 Partien} 12. Nb5 Qb8 13. Qd2 a6 14. Nbd4 $146 ({Vorgänger:} 14. Nc3 d5 15. Bb6 Rd7 16. Qe3 dxc4 17. Bxc4 {1-0 (50) Berczes,C (2411)-Videnova,I (2203) Felix Spa 2007}) 14... Ne5 15. O-O Bd7 16. Qb4 (16. Bf2 $11 {hält das Gleichgewicht.}) 16... Ng6 17. Qb3 d5 18. exd5 ({Lieber} 18. cxd5 $15 e5 19. Nf5 Bxf5 20. exf5) 18... e5 $19 {[%cal Be6e5,Be5d4][%mdl 32]} 19. d6 $2 {[#]} (19. g3 {ist wohl besser.}) 19... Bxd6 20. c5 exd4 {Precision: Weiß = 21%, Schwarz = 81%.} 0-1

[Event "83rd ESP-ch Women-ch 2018"]
[Site "Linares"]
[Date "2018.08.24"]
[Round "5"]
[White "Lianes Garcia, Marcos"]
[Black "Garza Marco, Sergio"]
[Result "1/2-1/2"]
[WhiteElo "2340"]
[BlackElo "2414"]
[Annotator "TA"]
[PlyCount "122"]
[EventDate "2018.08.09"]
[EventType "tourn"]
[EventCountry "ESP"]
[SourceTitle "playchess.com"]
[Source "ChessBase"]
[SourceQuality "1"]

{[%evp 17,122,13,37,29,27,28,29,10,10,10,11,12,10,4,16,12,6,13,15,0,0,0,-6,-8,21,0,15,12,8,12,11,0,58,47,39,0,57,0,0,0,40,-12,58,0,0,0,0,0,0,-8,0,0,0,0,0,-6,0,-8,0,-8,0,0,0,-11,12,0,0,-11,-11,-11,-11,-17,-11,-99,-66,-126,-140,-91,0,-198,-198,-194,-191,-181,-155,-138,-108,-102,-73,-78,-81,-81,-81,-67,-41,-41,-41,-256,0,0,0,-256,0,0,0,0,27]} 1. e4 {[%cal Be2e4,Be4e5][%mdl 32]} Nf6 2. e5 Nd5 3. d4 d6 4. c4 Nb6 5. exd6 exd6 6. Nc3 Be7 7. Be3 O-O 8. Nf3 Bf6 {B03: Aljechin-Verteidigung (Vierbauernvariante)} (8... Re8 9. Be2 Be6 10. d5 Bg4 11. Qc2 Na6 12. h4 Qd7 13. Nd4 Bf6 14. O-O-O Nb4 15. Qb3 a5 16. Bxg4 Qxg4 {½-½ (29) Sengupta,D (2548)-Bauer,C (2681) Biel 2012}) 9. h3 Bf5 {LiveBook: 4 Partien} 10. Be2 d5 {Weiß hat minimalen Vorteil.} 11. c5 Nc4 12. Bc1 $146 ({Vorgänger:} 12. Bf4 Be6 13. O-O b6 14. b3 Na5 15. b4 Nc4 16. Nb5 Na6 {½-½ (73) Dragomirescu,R (2232)-To,N (2322) Timisoara 2008}) 12... b6 13. b3 Na5 14. Ba3 {und nun wäre cxb6 stark für Weiss.} Re8 15. O-O c6 16. Bd3 Bxd3 17. Qxd3 Nd7 18. Na4 Nb7 19. Rac1 b5 20. Nc3 Nf8 21. Rfe1 a5 (21... Qc7 {feels hotter.} 22. Ne2 a5 23. Rcd1 Nd8 24. Bc1 a4) 22. Rxe8 Qxe8 23. Re1 Qc8 24. Bc1 Ng6 (24... Nd8 $11) 25. Ne2 a4 26. b4 Qc7 (26... Qd7 $1 $11) 27. g3 (27. Ng3 $14) 27... Qd7 28. Kg2 Nd8 29. Nf4 (29. Nh2 $14) 29... Ne6 (29... Nxf4+ $11 30. Bxf4 Ne6) 30. Nxg6 (30. Nxe6 $14 fxe6 31. h4) 30... hxg6 $11 31. h4 Re8 32. a3 Re7 33. Re3 Re8 34. Re1 Qc8 35. Re3 Bd8 36. Re2 Bc7 37. Bd2 Qd7 38. Re3 Rc8 39. Re1 Nf8 40. Re3 Qg4 41. Nh2 Qd7 42. Nf3 f6 43. Bc1 Kf7 44. Nh2 Ne6 45. Bb2 (45. Re1 $11) 45... Rh8 $1 $17 46. Nf3 (46. Qd1 $1 $15) 46... g5 $1 47. Kf1 {Droht Df5 und aus.} gxh4 (47... g6 $17 48. hxg5 Nxg5 49. Nxg5+ fxg5) 48. Nxh4 $2 (48. Qf5 $1 $11 {und Weiss ist OK.} Ke7 49. Nxh4) 48... Nf4 $19 49. gxf4 Rxh4 50. f5 Rh5 51. Rf3 Rh1+ 52. Kg2 Rh2+ 53. Kf1 Qe8 $36 {[%mdl 2048] Weiss muss nun ...Th1+ beachten. Schwarz hat starke Initiative.} 54. Rh3 Rxh3 $1 55. Qxh3 Qe4 56. Qh5+ $1 Ke7 {Und ...Db1+ würde nun gewinnen.} 57. Qe2 $2 {[#]} (57. Qh7 $15) 57... Kf7 $2 (57... Qxe2+ $1 $19 58. Kxe2 Bf4) 58. Qh5+ $1 $11 Ke7 $2 {[%mdl 8192]} (58... Kg8 $11) 59. Qe2 $19 {[#]} Bf4 $2 ({Besser ist} 59... Qxe2+ $1 $19 60. Kxe2 Bf4) 60. Qxe4+ $11 dxe4 {[#]} 61. f3 $1 {[%mdl 512]} exf3 {Precision: Weiß = 46%, Schwarz = 40%.} 1/2-1/2

[Event "83rd ESP-ch Women-ch 2018"]
[Site "Linares"]
[Date "2018.08.24"]
[Round "5"]
[White "Moral Garcia, Serafin"]
[Black "Vega Gutierrez, Sabrina Neide"]
[Result "0-1"]
[WhiteElo "2287"]
[BlackElo "2390"]
[Annotator "NA"]
[PlyCount "54"]
[EventDate "2018.08.09"]
[EventType "tourn"]
[EventCountry "ESP"]
[SourceTitle "playchess.com"]
[Source "ChessBase"]
[SourceQuality "1"]
[TimeControl "40/5400+30:1800+30"]

1. e4 {[%emt 0:00:00]} c5 {[%emt 0:00:00]} 2. Nf3 {[%emt 0:00:00]} e6 {[%emt 0:00:00]} 3. d4 {[%emt 0:00:26]} cxd4 {[%emt 0:00:00]} 4. Nxd4 {[%emt 0:00:05]} Nc6 {[%emt 0:00:00]} 5. Nc3 {[%emt 0:00:49]} a6 {[%emt 0:00:06]} 6. Be3 {[%emt 0:01:02]} Nf6 {[%emt 0:00:16]} 7. f3 {[%emt 0:02:06] B46: Sizilianisch (Paulsen/Taimanow-Variante)} (7. Nxc6 bxc6 8. e5 Nd5 9. Nxd5 cxd5 10. Qd4 Bb7 11. Bd3 Rc8 12. O-O Qc7 13. c3 Bc5 14. Qxc5 Qxc5 15. Bxc5 Rxc5 {½-½ (32) Yu,Y (2759)-Svidler,P (2753) Shenzhen 2018}) 7... Bb4 {[%emt 0:08:18]} 8. Nxc6 {[%emt 0:06:55]} bxc6 {[%emt 0:00:59]} 9. a3 {[%emt 0:03:00]} Be7 {[%emt 0:01:30]} 10. e5 {[%emt 0:03:58]} Nd5 {[%emt 0:00:11]} 11. Nxd5 {[%emt 0:00:35]} cxd5 {[%emt 0:00:19]} 12. Bd3 {[%emt 0:04:25]} d6 $146 {[%emt 0:04:20]} ({Vorgänger:} 12... Qc7 13. f4 Bc5 {½-½ (24) Boudre,J (2343)-Midoux,S (2352) France 2009}) 13. Bd4 {[%emt 0:02:52]} Bh4+ {[%emt 0:01:14]} 14. g3 {[%emt 0:01:47]} dxe5 {[%emt 0:00:12]} 15. Bxe5 {[%emt 0:00:44]} Bf6 {[%emt 0:00:19]} 16. Qe2 {[%emt 0:01:11]} O-O {[%emt 0:07:39]} 17. f4 {[%emt 0:02:58]} Bxe5 {[%emt 0:05:12]} 18. Qxe5 {[%emt 0:02:12]} Qb6 {[%emt 0:01:13]} 19. O-O-O {[%emt 0:04:09]} Rb8 {[%emt 0:00:24]} 20. b3 {[%emt 0:01:31]} Bd7 {[%emt 0:01:01]} 21. Kb1 {[%emt 0:05:54]} Rfc8 {[%emt 0:12:58]} 22. Rhe1 {[%emt 0:03:30]} Ba4 $15 {[%emt 0:14:28]} 23. Qb2 {[%emt 0:02:00]} g6 {[%emt 0:02:05]} 24. h4 {[%emt 0:01:24]} d4 {[%emt 0:05:31]} 25. Bf1 {[%emt 0:19:26]} Rc3 {[%emt 0:01:02]} 26. Rd3 {[%emt 0:00:04]} Bxb3 {[%emt 0:00:47]} 27. Ka1 {[%emt 0:01:09]} Rxc2 {[%emt 0:03:35]} 0-1

[Event "83rd ESP-ch Women-ch 2018"]
[Site "Linares"]
[Date "2018.08.24"]
[Round "5"]
[White "Tudela Corbalan, Carlos"]
[Black "Antunez Munoz, Ines"]
[Result "1-0"]
[WhiteElo "2246"]
[BlackElo "1956"]
[Annotator "NA"]
[PlyCount "95"]
[EventDate "2018.08.09"]
[EventType "tourn"]
[EventCountry "ESP"]
[SourceTitle "playchess.com"]
[Source "ChessBase"]
[SourceQuality "1"]
[TimeControl "40/5400+30:1800+30"]

1. c4 {[%emt 0:00:00]} e5 {[%emt 0:00:00]} 2. Nc3 {[%emt 0:00:00]} Nc6 {[%emt 0:00:19]} 3. g3 {[%emt 0:00:06]} Bc5 {[%emt 0:00:23]} 4. Bg2 {[%emt 0:00:14]} d6 {[%emt 0:00:25]} 5. e3 {[%emt 0:00:41]} a6 {[%emt 0:00:32] A25: English Opening vs King's Indian with ...Nc6 but without early d3} 6. Nge2 {[%emt 0:00:14]} (6. Nf3 Nf6 7. O-O O-O 8. h3 Ba7 9. d4 h6 10. dxe5 dxe5 11. Qxd8 Rxd8 12. b3 Be6 13. Ba3 Rd7 14. Rfd1 Rad8 15. Rxd7 Rxd7 {½-½ (41) Howell,D (2676)-Ponomariov,R (2694) Riadh 2017}) 6... Ba7 {[%emt 0:00:38]} 7. b3 {[%emt 0:00:55]} Nge7 {[%emt 0:03:54]} 8. Bb2 {[%emt 0:00:29]} O-O {[%emt 0:00:52]} 9. d4 {[%emt 0:07:11]} exd4 $146 {[%emt 0:01:53]} ({Predecessor:} 9... Re8 10. O-O exd4 11. Nxd4 Bd7 12. Qd2 Rb8 13. Nce2 Ne5 14. Nf3 {½-½ (14) Laqua,C (2139)-Bruhn,B (2152) Germany 2013}) 10. exd4 {[%emt 0:01:47]} Nf5 {[%emt 0:02:02]} 11. Nd5 {[%emt 0:04:01]} Re8 {[%emt 0:16:07]} 12. O-O {[%emt 0:00:55]} Rb8 {[%emt 0:06:09]} 13. Qd2 {[%emt 0:10:04]} Nce7 {[%emt 0:13:27]} 14. Nxe7+ {[%emt 0:02:50]} Qxe7 {[%emt 0:02:55]} 15. Nf4 {[%emt 0:02:34]} Qg5 {[%emt 0:04:41]} 16. Rad1 {[%emt 0:05:41]} Bd7 {[%emt 0:03:11]} 17. Qc3 {[%emt 0:08:05]} h5 {[%emt 0:12:06]} 18. Nd5 {[%emt 0:19:04]} c6 {[%emt 0:05:41]} 19. Bc1 {[%emt 0:02:22]} Qg6 {[%emt 0:04:56]} 20. Nf4 {[%emt 0:04:03]} Qh6 {[%emt 0:00:57]} 21. c5 {[%emt 0:00:59]} h4 {[%emt 0:08:37]} 22. g4 {[%emt 0:05:53]} Ne7 {[%emt 0:00:49]} 23. h3 {[%emt 0:01:36]} Qf6 {[%emt 0:02:56]} 24. Nh5 {[%emt 0:07:34]} Qg6 {[%emt 0:00:39]} 25. Nf4 {[%emt 0:01:20]} Qf6 {[%emt 0:01:41]} 26. b4 {[%emt 0:00:08]} Rbd8 {[%emt 0:01:08]} 27. Rfe1 {[%emt 0:00:48]} d5 {[%emt 0:02:31]} 28. Re5 {[%emt 0:02:28]} g6 {[%emt 0:03:15]} 29. Rde1 {[%emt 0:01:59]} Nc8 {[%emt 0:01:04]} 30. Nd3 {[%emt 0:04:16]} Bb8 {[%emt 0:00:35]} 31. Bg5 {[%emt 0:01:10]} Qg7 {[%emt 0:00:16]} 32. Bxd8 {[%emt 0:00:28]} Bxe5 {[%emt 0:00:41]} 33. Nxe5 {[%emt 0:00:10]} Rxd8 {[%emt 0:00:10]} 34. Nxd7 {[%emt 0:00:06]} Rxd7 {[%emt 0:00:41]} 35. Re8+ {[%emt 0:00:06]} Kh7 {[%emt 0:00:17]} 36. Rxc8 {[%emt 0:00:44]} Re7 {[%emt 0:00:33]} 37. g5 {[%emt 0:01:05]} f6 {[%emt 0:00:57]} 38. Qd2 {[%emt 0:00:59]} fxg5 {[%emt 0:00:30]} 39. Qxg5 {[%emt 0:00:57]} Re1+ {[%emt 0:00:25]} 40. Kh2 {[%emt 0:00:55]} Qe7 {[%emt 0:00:28]} 41. Qxe7+ {[%emt 0:30:22]} Rxe7 {[%emt 0:30:07]} 42. a4 $18 {[%emt 0:00:16]} Kh6 {[%emt 0:00:28]} 43. Rb8 {[%emt 0:00:52]} Rf7 {[%emt 0:00:24]} 44. Kg1 {[%emt 0:01:14]} Kg5 {[%emt 0:00:13]} 45. b5 {[%emt 0:00:14]} axb5 {[%emt 0:00:19]} 46. axb5 {[%emt 0:00:06]} Kf4 {[%emt 0:00:34]} 47. b6 {[%emt 0:00:12]} Kg5 {[%emt 0:00:49]} 48. Rc8 {[%emt 0:00:10]} 1-0

[Event "83rd ESP-ch Women-ch 2018"]
[Site "Linares"]
[Date "2018.08.24"]
[Round "5"]
[White "Garcia Romero, Benjamin Abel"]
[Black "Teran Alvarez, Ismael"]
[Result "0-1"]
[WhiteElo "2230"]
[BlackElo "2377"]
[Annotator "NA"]
[PlyCount "84"]
[EventDate "2018.08.09"]
[EventType "tourn"]
[EventCountry "ESP"]
[SourceTitle "playchess.com"]
[Source "ChessBase"]
[SourceQuality "1"]
[TimeControl "40/5400+30:1800+30"]

1. e4 {[%emt 0:00:00]} c5 {[%emt 0:02:47]} 2. Nf3 {[%emt 0:00:00]} e6 {[%emt 0:00:23]} 3. d4 {[%emt 0:00:03]} cxd4 {[%emt 0:00:08]} 4. Nxd4 {[%emt 0:00:08]} a6 {[%emt 0:00:28]} 5. Bd3 {[%emt 0:04:53]} Qc7 {[%emt 0:01:55]} 6. Qe2 {[%emt 0:06:01]} d6 {[%emt 0:02:57]} 7. O-O {[%emt 0:09:19]} Nf6 {[%emt 0:01:52]} 8. f4 {[%emt 0:06:09]} Be7 {[%emt 0:02:21] B42: Sicilian: Kan Variation: 5 Bd3} 9. Kh1 {[%emt 0:01:43]} O-O {[%emt 0:06:41]} 10. Bd2 {[%emt 0:09:19]} Nbd7 {[%emt 0:09:33]} 11. Nc3 {[%emt 0:02:53]} b5 {[%emt 0:03:28]} 12. Rae1 {[%emt 0:04:00]} b4 {[%emt 0:20:08]} 13. Nd1 {[%emt 0:00:47] [#]} Rb8 $146 {[%emt 0:06:40]} ({Predecessor:} 13... Qb6 14. Be3 Qb7 15. Bg1 g6 16. c4 e5 17. Nf3 exf4 18. e5 dxe5 19. Nxe5 {0-1 (25) Al Hajiri,B (2165)-Almasi,Z (2682) Riadh 2017}) 14. e5 {[%emt 0:11:16]} Nd5 {[%emt 0:02:21]} 15. Nf2 {[%emt 0:11:33]} Nc5 {[%emt 0:08:47]} 16. Bc4 {[%emt 0:13:36]} Bb7 {[%emt 0:02:34]} 17. Ng4 {[%emt 0:00:31]} Nb6 {[%emt 0:08:25]} 18. Bd3 {[%emt 0:07:42]} Nxd3 {[%emt 0:02:12]} 19. cxd3 {[%emt 0:02:23]} Qc5 {[%emt 0:00:41]} 20. Be3 {[%emt 0:03:35]} Qd5 {[%emt 0:00:56]} 21. Bg1 {[%emt 0:01:15]} dxe5 {[%emt 0:03:38]} 22. fxe5 {[%emt 0:02:13]} Nd7 {[%emt 0:01:14]} 23. Rf3 {[%emt 0:01:09]} a5 {[%emt 0:07:59]} 24. Rh3 {[%emt 0:00:30]} Bc5 {[%emt 0:00:40]} 25. Nf3 {[%emt 0:00:21]} Be7 {[%emt 0:00:12]} 26. b3 {[%emt 0:00:13]} Ba6 {[%emt 0:00:26]} 27. Nd4 {[%emt 0:00:42]} Rbc8 {[%emt 0:00:20]} 28. Rf1 {[%emt 0:00:49]} Bg5 {[%emt 0:01:38]} 29. Rh5 {[%emt 0:00:36]} Be7 {[%emt 0:00:31]} 30. Nf6+ {[%emt 0:00:34]} Bxf6 {[%emt 0:01:19]} 31. exf6 {[%emt 0:00:04]} Bxd3 {[%emt 0:01:05]} 32. Qg4 {[%emt 0:00:26]} Nxf6 {[%emt 0:00:39]} 33. Rxf6 {[%emt 0:00:12]} Qd8 {[%emt 0:00:41]} 34. Rf1 {[%emt 0:00:24]} Bxf1 {[%emt 0:00:13]} 35. Nxe6 {[%emt 0:01:16]} (35. Be3 $142) 35... fxe6 {[%emt 0:00:27]} 36. Qxe6+ {[%emt 0:00:02]} Kh8 {[%emt 0:00:27]} 37. Qg6 {[%emt 0:00:08]} Bxg2+ {[%emt 0:00:47]} 38. Kxg2 {[%emt 0:00:22] [#]} Qd2+ $19 {[%emt 0:00:41]} (38... Rc2+ $142 $1 {[%mdl 512]} 39. Kh3 (39. Qxc2 Qa8+) 39... Rc3+ 40. Qg3 Qd7+ 41. Kh4 Rxg3 42. hxg3 Rf1 43. Rxa5 Qd8+ 44. Kh3 Qxa5 45. Kh2 Qh5+ 46. Kg2 Qe2+ 47. Kh3 Rxg1 48. Kh4 h5 49. Kh3 Rh1#) 39. Kh1 {[%emt 0:00:33]} h6 {[%emt 0:00:28]} 40. Re5 {[%emt 0:00:43]} Qc2 {[%emt 0:00:27]} 41. Qxc2 {[%emt 0:31:21]} Rxc2 {[%emt 0:30:02]} 42. Rxa5 {[%emt 0:00:09]} Rf1 {[%emt 0:00:15]} 0-1

[Event "83rd ESP-ch Women-ch 2018"]
[Site "Linares"]
[Date "2018.08.24"]
[Round "5"]
[White "Alvarez Serrano, Carlos"]
[Black "Anton Guijarro, David"]
[Result "0-1"]
[WhiteElo "2225"]
[BlackElo "2652"]
[Annotator "TA"]
[PlyCount "92"]
[EventDate "2018.08.09"]
[EventType "tourn"]
[EventCountry "ESP"]
[SourceTitle "playchess.com"]
[Source "ChessBase"]
[SourceQuality "1"]

{[%evp 10,92,23,-10,-4,-72,-10,-27,-25,-26,-26,-27,-27,-27,-27,-27,-27,-28,-31,-76,-50,-49,-44,-73,-72,-78,-63,-66,-63,-63,-63,-63,-63,-63,-60,-65,-61,-61,-61,-62,-65,-65,-65,-65,-62,-66,-66,-66,-66,-73,-73,-81,-81,-83,-60,-100,-101,-118,-114,-112,-75,-74,-60,-102,-89,-97,-92,-108,-106,-106,-103,-103,-100,-139,-141,-153,-153,-250,-260,-503,-487,-455,-442,-376,-316]} 1. d4 Nf6 2. Nf3 c5 3. c4 cxd4 4. Nxd4 b6 5. Nc3 Bb7 6. b3 {LiveBook: 4 Games. A31: Symmetrical English: 2 Nf3 Nf6 3 d4} (6. f3 d6 7. e4 e6 8. Be2 Be7 9. O-O O-O 10. Be3 a6 11. Qd2 Qc7 12. Rfc1 Nbd7 13. b4 Rac8 14. Nb3 Qb8 15. Bf1 Rfe8 16. Qf2 Bd8 17. Na4 Ba8 18. c5 b5 19. Nc3 Bc7 20. g3 dxc5 21. Nxc5 Nxc5 22. bxc5 {1-0 (45) Nepomniachtchi,I (2729)-Ponkratov,P (2613) Riadh 2017}) 6... e6 7. Ndb5 $146 (7. e3 $11) ({Predecessor:} 7. Bb2 Be7 8. Qc2 O-O 9. e4 Qc7 10. Bd3 {0-1 (70) Dimakiling,O (2380)-Tran,T (2459) Ho Chi Minh City 2016}) 7... Bb4 ({Better is} 7... d5 $1 $17 {aiming for ...a6.} 8. Bf4 Bb4) 8. a3 {The position is equal.} Bxc3+ $1 9. Nxc3 O-O 10. Bg5 h6 11. Bh4 d5 12. cxd5 exd5 {Threatening ...d4.} 13. e3 Nc6 14. Bb5 d4 15. Bxc6 Bxc6 16. Qxd4 Qxd4 ({But not} 16... Bxg2 $2 17. Qxd8 Rfxd8 18. Rg1 $18) 17. exd4 Rfe8+ 18. Kf1 Ne4 19. Nxe4 Rxe4 20. Bg3 Rxd4 {White must now prevent ...Rad8.} 21. h4 Rd3 22. b4 a5 23. bxa5 Rxa5 24. Kg1 Raxa3 25. Rxa3 Rxa3 $15 {[%mdl 4096] Endgame KRB-KRB} 26. Kh2 b5 27. Rb1 Ra2 28. Kg1 Rc2 29. Bf4 Rc4 30. g3 Rd4 31. Be3 Ra4 32. Kh2 h5 33. Bc5 f6 34. Kg1 Kf7 35. Kf1 Kg6 36. Bf8 Ra8 37. Bc5 Bf3 38. Ke1 Rd8 $1 39. Be3 Rd5 40. Bd2 Kf5 41. Rb4 {And now Rf4+ would win.} g5 {[%cal Bg7g5,Bg5g4][%mdl 32]} 42. Rb3 Kg4 43. Rb4+ {[#]} (43. Re3 $17 {was worth a try.}) 43... Kh3 $1 $19 44. Rb3 $2 (44. Rb1 {was called for.}) 44... Kg2 45. Rb4 {[#]} g4 $1 46. Rf4 f5 {Precision: White = 46%, Black = 84%.} 0-1